| 000 | 00677nam a2200217Ia 4500 | ||
|---|---|---|---|
| 003 | GCL | ||
| 005 | 20240530103830.0 | ||
| 008 | 140319s9999 xx 000 0 ara d | ||
| 040 |
_aGCL / _cGCL |
||
| 082 | 0 | 4 |
_a190 _bك د |
| 100 | 1 | _aحسن شحاته سعفان . | |
| 245 | 1 | 0 |
_aديكارت / _cاندريه كرسون ؛ حسن شحاته سعفان ، محمد غنيمى هلال . |
| 300 | _a125 ص | ||
| 490 |
_aالالف كتاب _v0 |
||
| 650 | 0 | 4 | _aالعصر الحديث |
| 650 | 0 | 4 | _aالفلسفة الغربية |
| 650 | 0 | 4 | _aديكارت |
| 700 | 1 | _aمحمد غنيمى هلال(مراجع) | |
| 700 | 1 | _aكرسون, اندرية | |
| 942 |
_2ddc _cBK |
||
| 999 |
_c42851 _d42851 |
||